000 00500nam a2200157Ia 4500
003 GCL
005 20240530110154.0
008 140319s9999 xx 000 0 ara d
040 _aGCL /
_cGCL
082 0 4 _a343.011
_bق م
100 0 _aقدرى عبدالفتاح الشهاوى
245 1 0 _aالموسوعة الشرطية القانونية /
_cقدرى عبدالفتاح الشهاوى
260 _a[S.N] :
_bعالم الكتب الحديث ،
_c1977
300 _a973 ص
942 _2ddc
_cBK
999 _c59167
_d59167